000 01303nam a22003857a 4500
003 CHAP
005 20220817043651.0
008 000511d1997 uk r 00110 eng d
010 _a81082
011 _a82054
020 _a0 85199 164 5
035 _a92539
040 _cCHAP
082 0 4 _a574.524
_bC7
100 0 0 _aCrute, I.R.
_eed.
_929270
245 1 4 _aThe gene-for-gene relationship in plant-parasite interactions
_c/ed. by I.R. Crute, E.B. Holub and J.J. Burdon
260 _aOxon :
_bCAB International,
_c1997.
300 _a427 p.
590 _aBATCH-UPD
_b10
_c20130109
_lUCH01
_h2318
590 _aBATCH-UPD
_b10
_c20130110
_lUCH01
_h0449
590 _aBATCH-UPD
_b10
_c20130409
_lUCH01
_h1840
590 _aBATCH-UPD
_b10
_c20130410
_lUCH01
_h0126
590 _aBATCH-UPD
_b10
_c20130914
_lUCH01
_h0756
590 _aCONVERSION
_b10
_c20130109
_lUCH01
_h1345
650 1 4 _aGenética molecular.
_947496
650 1 4 _aGenética vegetal.
650 1 4 _aInteracción huésped-parásito.
_959512
650 1 4 _aPlantas
_xResistencia a enfermedades.
_988882
700 0 _aBurdon, J.J.
_916128
700 0 _aHolub, E.B.
_eed.
_956027
901 _aBK
905 _aAlejandra Carrasco M.
942 _cLIBRO
949 _a574.524 C7
_bBC
_cLIBRO
_d33724000780839
_eLIBRO
_gI.203321
_h97954
_i92539
_si
_t$1612.
999 _c81082
_d81082